Vista normal Vista MARC

Diseño sismorresitente de edificios : (Registro nro. 17385)

Detalles MARC
000 -Cabecera (24)
Campo de control interno 01176nam a22002414a 4500
001 - Número de control
Campo de control UTEA
005 - Fecha y hora de la
Campo de control 20251001105222.0
006 - Campos de control - información adicional
Campos de control g||||gr||||||01 nz
007 - Tipo material - Descripcion fisica - info general
Tipo material ta
008 - Códigos de longitud fija (40p)
Campo de control de longitud fija 250925b pe ||||| |||| 00| 0 spa d
020 ## - INTERNATIONAL STANDARD BOOK NUMBER
ISBN 9788429120110
040 ## - Origen de la Catalogacion
Centro catalogador/agencia de origen UTEA
041 ## - Código de idioma (R)
Código de lengua del texto/banda sonora o título independiente (R) spa
082 ## - Número de la Clasificación
Número de la Clasificación 624.1762
Notación Interna B79 2025
100 ## - Autor Personal
Autor Personal Bozzo Luis M.
Término indicativo de función (R) autor
245 ## - Titulo
Titulo Diseño sismorresitente de edificios :
Subtitulo Técnicas convencionales y avanzadas
Mención del autor Luis M. Bozzo
Medio físico [Texto Impreso]
260 ## - Editorial
Ciudad España;
Nombre de la Editorial Editorial reveté S.A.
Fecha 2025
300 ## - Descripcion
Páginas 380 página;
Otros detalles físicos Figuras;
Dimensiones 15 x 21 cm.
505 ## - Nota de contenido formateada
Nota de contenido formateada Índice del Libro] fundamentos -- Aspectos de sismología -- Elementos de dinámica de estructuras -- Diseño conceptual y razonamiento cualitativo -- Diseño sismo resistente convencional -- Definición de la acción sísmica -- Diseño de elementos estructurales -- Diseño de sistemas estructurales -- Técnicas avanzadas de diseño sismo resistente -- Estructuras con disipadores de energía -- Ediciones con aislamiento de bases activo-
650 ## - Temas - Descriptores
Temas - Descriptores SISMORESISTENTE
9 (RLIN) 59535
650 ## - Temas - Descriptores
Temas - Descriptores TÉCNICAS CONVENSIONALES
9 (RLIN) 59536
942 ## - Datos personalizados Koha
Esquema de Clasificacion Dewey Decimal Classification
Tipo de Documento Libros
Fecha procesamiento 2025-09-25
Catalogador Cirila Celinda Molina Chirinos
Existencias
Estado de retiro Estado de pérdida Fuente de Clasificacion Estado No para préstamo Escuela Profesional/ Mención de Maestría Localización permanente Ubicación/localización actual Fecha de adquisición Fuente de adquisición Signatura topográfica completa Código de barras Precio válido a partir de Tipo de ítem Koha
    Dewey Decimal Classification     E.P. Ingeniería Civil Biblio. Andahuaylas UTEA Biblio. Andahuaylas UTEA 09/25/2025 Compra 624.1762 B79 2025 BAND25090406 09/25/2025 Libros